000 00913nam a22002177a 4500
005 20240530110907.0
008 220214s0000 ua g 000 0 ara d
017 _bمصر. دار الكتب
040 _aEG-CaGPL
_cEG-CaGPL
082 0 4 _221
_a232.2 /
_bا ا
100 0 _aالحافظ العراقى : ابى الفضل زين الدين عبدالرحيم بن الحسين
245 1 2 _aالفية الحديث :
_bويليها شرحها فتح المغيث بشرح الفية الحديث /
_cالحافظ العراقى : ابى الفضل زين الدين عبدالرحيم بن الحسين
250 _aط. 1
260 _aالقاهرة :
_bدار الجيل،
_c1992
300 _a492 ص. ؛
_c24 سم
600 _aاحمد محمد شاكر
_2محقق
650 0 7 _2qrmak
_aعلم الحديث
651 _2qrmak
942 _2ddc
_cBK
999 _c66243
_d66243